000 nam a22 a 4500
999 _c3665
_d3665
003 AKMAL
005 20170523145221.0
008 170523s1996 my 00 eng d
020 _a9679785785 ( RM 99.00)
040 _aAKMAL
_cAKMAL
049 0 0 _amal
082 0 4 _a660.60720595 AWA
090 _a660.60720595
_bAWA
245 0 0 _aMarine biotechnology research in Malaysia :
_ba directory /
_ccompiled by Almah Awaluddin
260 _aPetaling Jaya :
_bPelanduk Publications,
_c1996
300 0 0 _a123p. ;
_c23cm
521 _aIntended audience: Adult
650 0 _aMarine biotechnology
_xResearch
_zMalaysia
_97247
650 0 _aUniversities and colleges
_xResearch
_zMalaysia
_97248
700 0 _aAlmah Awaluddin
_97249
710 2 _aInstitut Maritim Malaysia
_94680
942 _2ddc
_cBOOK